| 000 | 00483nam a2200169Ia 4500 | ||
|---|---|---|---|
| 008 | 230718s9999 xx 000 0 und d | ||
| 020 | _a9780670086672 | ||
| 041 | _aeng | ||
| 082 |
_a620.004 _bBHA |
||
| 100 |
_aBhat H. _9194194 |
||
| 245 |
_aTata LOG _bEight Modern Stories From A Timeless Institution |
||
| 260 |
_c2012 _bPortfolio/Penguin |
||
| 300 | _a200 | ||
| 365 |
_cRs. _b599.00 |
||
| 700 |
_aBhat H. _9194194 |
||
| 906 |
_dO:0321704-Feb-2013B:234016-Jan-2013 _cGENRL _b131.78 |
||
| 999 |
_c331843 _d331843 |
||